| 000 | 00493nab a2200145Ia 4500 | ||
|---|---|---|---|
| 003 | ES-SlBCS | ||
| 005 | 20210601132859.0 | ||
| 008 | 140529s1973 xxu||||| |||| 00| 0 ita d | ||
| 041 | _aita | ||
| 100 | 1 |
_aBellino, Francesco _9112930 |
|
| 245 | 0 | 0 |
_aLa filosofia della matematica e la istanze dell'epistemologia contemporanea _c Francesco Bellino |
| 650 | 0 | 4 |
_aMatemáticas _xFilosofía _999525 |
| 773 | 0 |
_tGiornali di Metafisica _gvol. 28, nº. 5-6, 1973, págs. 523-536 _w0017-0372 |
|
| 942 | _cAR | ||
| 999 |
_c587102 _d587102 |
||